000 01470nam a22002777a 4500
001 406
003 OSt
005 20250508141901.0
008 250507b |||||||| |||| 00| 0 eng d
020 _a8572531246
040 _bpor
082 _a133.93
_bC284s
100 0 _aCarlos, Antonio
_c(Espírito).
_9791
245 _aO Sonâmbulo /
_cCarlos, Antonio (espirito) ; Psicografado por Vera Lúcia Marinzeck de Carvalho.
260 _aSão Paulo
_bPetit
_c2004
300 _a159 p.
520 _aDaniel, que é Nic, o sonâmbulo, tem medo de dormir. Durante o sono, uma força estranha toma conta do seu corpo, e tudo pode acontecer... Entre as sombras, um vulto movimenta-se atormentado. Vítimas da violência, mulheres indefesas perdem a vida na madrugada, nas mãos de um cruel e insaciável assassino. Ao amanhecer, os sapatos de Daniel estão sujos de lama e o seu quarto foi revirado. Desesperado, não sabe o que fazer... Até quando a noite vai esconder tantos crimes misteriosos? Quem é esse homem tão estranho, que não é capaz de declarar o seu amor à única mulher por quem se apaixonou? Quantos mistérios emocionantes esta leitura nos proporciona!
650 0 _aLiteratura Brasileira
_9205
650 0 _aPsicografias
_9485
650 0 _aSonambulismo
_9875
650 0 _aRomance Espirita
_9876
650 0 _aAssassinatos
_9873
655 0 _aRomance
_923
700 1 _aCarvalho, Vera Lúcia Marinzeck de,
_d1948-
_emédium
_9795
942 _2ddc
_cBK
_n0
999 _c406
_d406